Diaľkovo ovládaná veža Turra 30

Bibliographic Details
Main Author: Vitko, Pavol, 1964- (Author, Interviewer)
Other Authors: Kelement, Ivan, 1967- (Photographer), Sadák, Peter (Photographer)
Format: Article
Language:Slovak
PhysicalDescription:Fotografie
ISSN:1336-1910
Subjects:
Online Access:http://www.mosr.sk/data/disk/casopis/Obrana_04_2018.pdf

MARC

LEADER 00000nab a2200000 4500
001 vtls011754951
003 SK-MaSNL
005 20260304032206.0
008 180507 2018 xo 000 0 slo
015 |a SNBRB2018/04  |2 LMAOSK 
040 |a LMAOSK  |b slo  |c LMAOSK  |e rda 
041 0 |a slo 
043 |a e-xo--- 
044 |a xo  |c SK 
072 7 |a 623  |x Vojenská technika  |2 konspekt 
080 |a 623  |2 2011 
080 |a 623.437/.438  |2 2011 
080 |a (046)  |2 2011 
080 |a (047.53)  |2 2011 
100 1 |a Vitko, Pavol,  |d 1964-  |4 aut  |4 ivr  |9 219103 
245 1 0 |a Diaľkovo ovládaná veža Turra 30  |c Text: Pavol Vitko ; foto: Ivan Kelement, Peter Sadák, VTSÚ Záhorie, EVPÚ, TASR 
300 |b Fotografie 
336 |a text  |b txt  |2 rdacontent 
337 |a bez média  |b n  |2 rdamedia 
338 |a zväzok  |b nc  |2 rdacarrier 
610 1 7 |a Slovensko.  |b Ozbrojené sily  |2 SNKKA  |9 88133 
650 0 7 |a TURRA 30(diaľkovo ovládaná veža)  |2 LMAOSK  |9 1312748 
650 0 7 |a vojenská technika  |2 SNKPH  |9 29297 
650 0 7 |a vojenské vozidlá  |2 SNKPH  |9 71081 
650 0 7 |a zbraňové systémy  |2 LMAOSK  |9 68371 
655 7 |a rozhovory  |2 SNKPH  |9 31831 
655 7 |a články  |2 SNKPH  |9 70601 
700 1 |a Kavický, Vladimír,  |d 1970-  |4 ive  |9 115866 
700 1 |a Kelement, Ivan,  |d 1967-  |4 pht  |9 103905 
700 1 |a Sadák, Peter  |4 pht  |9 794823 
773 0 |t Obrana  |g Roč. XXVI, č. 4 (2018), s. 12-14  |x 1336-1910 
852 |a LMAOSK  |b KIS3GCP 
856 4 1 |u http://www.mosr.sk/data/disk/casopis/Obrana_04_2018.pdf 
958 |a NB 
999 |c 2641721  |d 2643651